Record Details

Rushing Waters

Danielle Steel (Author).

Record details

  • ISBN: 9780593069141
  • Physical Description: Hard cover
  • Publisher: London BANTAM PRESS 2016
Subject: Hurricanes

Available copies

  • 1 of 1 copy available at Headquarters.
Location Call Number / Copy Notes Barcode Shelving Location Status Due Date
Frafraha Library 201 FIC/STE 000000649650 Adult Fiction Available -

No reviews or recommendations are currently available.

Loading shelf browser…

LDR 00620cam a2200205Ka 4500
0014238
003HQ
00520200703130345.0
008070101s enk er 1 eng d
020 . ‡a9780593069141
037 . ‡aBook Aid
082 . ‡aFIC/STE
100 . ‡a Danielle Steel
245 . ‡aRushing Waters
260 . ‡aLondon ‡bBANTAM PRESS ‡c2016
300 . ‡aHard cover
650 . ‡aHurricanes
901 . ‡a4238 ‡bAUTOGEN ‡c4238 ‡tbiblio

Session Timeout

Your session will expire in minutes and seconds.

If you need more time, please click "Continue Session."

Session Ended

Your session has ended. Redirecting to the home page...